1741 1728 1361 1378 1321 1959 1680 1839 1566 1846 1031 1918 1259 1688 1693 1603 1007 1604 1452 1793 1992 1415 1114 1780 1003 1969 1659 1113 1193 1671 1140 1320 1605 1517 1907 1830 1061 1570 1497 1857 1976 1535 1711 1552 1449 1791 1498 1737 1034 1159 1564 1840 1234 1802 1760 1231 1483 1369 1414 1097 1145 1453 1999 1747 1444 1975 1896 1634 1223 1862 1094 1718 1860 1771 1009 1137 1756 1799 1781 1788 1452 1232 1576 1478 1302 1782 1432 1974 1588 1565 1613 1752 1293 1123 1096 1298 1673 1897 1396 BCNSPRNW ULIB Ver.6.0+V

เปลี่ยนเป็นภาษาไทย

Change to English
 แสดงรายละเอียดบรรณานุกรม
  กลับหน้าหลัก

Brief Record : Get Marc (ISO 2709) : E-mail record : QR code < ปิดหน้าต่าง
LEADER : 00000nam 2200000uu 4500
001    13399110397
003     ULIB
008    110504s2011||||th 000 0 eng d
020    9780323057325
060 04 WY100^bF771 2011
245 00 Foundations of nursing /^cedited by Barbara LauritsenChristensen, Elaine Oden Kockrow
250    6th ed.
260    St. Louis :^bMosby,^cc2011
300    xxi, 1004 p. :^bill. ;^c28 cm.
650  2 Nursing
700 1  Christensen, Barbara Lauritsen,^eed.
700 1  Kockrow, Elaine Oden,^eed.
945    ^p0^l0^i030073
995     Kesorn
999 ^a ใช้งานได้ทุกระบบ
รายการนี้ยังไม่มีแท็ก
คุณยังไม่ได้ล็อกอิน คุณสามารถมีกิจกรรมร่วมกับเว็บไซต์ได้ แต่ต้องล็อกอินก่อน ::
  ล็อกอิน

รายการสื่อสารสนเทศ

ลำดับที่ ประเภท เลขเรียก/บาร์โค้ด สถานที่ สถานะ
- ไม่พบข้อมูล -

รายการใกล้เคียง
    หัวเรื่อง [Nursing]

BibComment


ยังไม่เคยถูกคอมเมนท์

คอมเมนท์ทรัพยากรรายการนี้
  คอมเมนท์: Foundations of nu..


 Copyright 2026. Bcnsprnw @Library